000 00454nam a2200181Ia 4500
001 22430
005 20260414150830.0
008 260414t2007||||xx |||||||||||||| ||spa||
041 _aESP
082 _a621.381
_bT65 2007
100 _aTocci, Ronald J.
_eAUT
245 0 _aSistemas digitales :
_bprincipios y aplicaciones
260 _c2007
300 _axxv, 939 páginas :
_c27 cm.
650 _aTCA
654 _aCET
942 _cLIB
_dJUS
_fJUS
_2ddc
_n
999 _c22430
_d22430